| 000 | 00408nam a22001457a 4500 | ||
|---|---|---|---|
| 005 | 20260304104314.0 | ||
| 008 | 260304b |||||||| |||| 00| 0 eng d | ||
| 020 | _a9781844742080 | ||
| 050 | _aBS680 ADA | ||
| 100 | _aAdam, Peter | ||
| 245 |
_aWritten for Us: _breceiving God's words in the Bible _cPeter Adam |
||
| 260 |
_aEngland _bInter-Varsity Press _c2008 |
||
| 300 |
_a264p. _c23.5cm |
||
| 942 |
_2lcc _cBK _n0 |
||
| 999 |
_c8857 _d8857 |
||